000 00435nam a2200181Ia 4500
001 16642
005 20260306170324.0
008 260306t1999||||xx |||||||||||||| ||und||
041 _aESP
082 _a348.81
_bP66
100 _aPlá Rodríguez, Américo
_eAUT
245 0 _aEstudios de la seguridad social
260 _c1999
300 _a422 páginas :
_c24 cm.
650 _aGEN
654 _aCDE
942 _cLIB
_dJUS
_fJUS
_2ddc
_n
999 _c16642
_d16642